RT 54 (T.O. RT 59): novedades en materia de procedimientos contables de aplicación general (Registro nro. 10711)

Detalles MARC
000 -LEADER
fixed length control field 00384 a2200109 4500
001 - CONTROL NUMBER
control field ART_63007
005 - DATE AND TIME OF LATEST TRANSACTION
control field 20260410161612.0
008 - FIXED-LENGTH DATA ELEMENTS--GENERAL INFORMATION
fixed length control field 260409a
100 1# - MAIN ENTRY--PERSONAL NAME
Personal name Suardi, Diana
245 10 - TITLE STATEMENT
Title RT 54 (T.O. RT 59): novedades en materia de procedimientos contables de aplicación general
773 0# - HOST ITEM ENTRY
Title Profesional & Empresaria
Related parts - Año XXVI, Nº 304 (jul./ago. 2025)
Record control number REV70

No hay ítems disponibles.